Statistics for FIFA Confederations Cup top 4 and host country

Click here to take the quiz!

General Stats

  • This quiz has been taken 127 times
  • The average score is 20 of 24

Answer Stats

Answer% Correct
Brazil
100%
Germany
99%
United States
99%
France
98%
Japan
98%
Argentina
96%
Mexico
96%
South Korea
96%
Spain
96%
Italy
93%
Russia
92%
Chile
90%
South Africa
88%
Portugal
86%
Uruguay
84%
Australia
80%
Colombia
78%
Denmark
74%
Cameroon
72%
Saudi Arabia
70%
Nigeria
67%
Turkey
56%
Czech Republic
44%
Ivory Coast
42%

Score Distribution

Percentile by Number Answered

Percent of People with Each Score

Your Score History

You have not taken this quiz